| LEADER 00000nam 2200000uu 4500 |
| 001 213094 |
| 003 ULIBM |
| 008 020711s2561 th a 000 0 tha d |
| 041 ^atha
|
| 060 4 อ W84.3 ก482 2561
|
| 110 การประชุมวิชาการและมหกรรมการแสดงผลงาน 100 ปี การสาธารณสุขไทยฯ (สถาบันพระบรมราชชนก : 2561)
|
| 245 สูจิบัตร การประชุมวิชาการและมหกรรมการแสดงผลงาน 100 ปี การสาธารณสุขไทย (พ.ศ.2461-พ.ศ.2561) "เพื่อประชาชนสุขภาพดี 100 ปี แห่งการพัฒนา" ณ อาคารชาเลนเจอร์ เมืองทอง จังหวัดนนทบุรี วันที่ 18 - 21 กรกฎาคม 2561/^cจัดทำโดย สถาบันพระบรมราชชนก สำนักงานปลัดกระทรวงสาธารณสุข
|
| 260 นนทบุรี :^bสถาบันพระบรมราชชนก สำนักงานปลัดกระทรวงสาธารณสุข,^c2561
|
| 300 144 หน้า :^bภาพประกอบ ;^c21 ซม.
|
| 650 4 สาธารณสุข^xการประชุม
|
| 650 4 ^aนวัตกรรมทางการแพทย์^xวิจัย
|
| 650 4 ^aสาธารณสุข^xวิจัย
|
| 710 2 ^aสำนักงานปลัดกระทรวงสาธารณสุข. สถาบันพระบรมราชชนก
|
| 999 ^aใช้งานได้ทุกระบบ
|